| 000 | 00740nam a2200205 i 4500 | ||
|---|---|---|---|
| 001 | 173584 | ||
| 003 | ES-MaACL | ||
| 005 | 20230906215259.0 | ||
| 007 | t| | ||
| 008 | 091210q1980 sp ||||1| spa d | ||
| 080 | _a015(861) | ||
| 245 | 0 | 0 |
_aAnuario bibliográfico colombiano "Rubén Pérez Ortiz"... / _ccompilado por Francisco José Romero Rojas. |
| 260 |
_aBogotá : _bInstituto Caro y Cuervo, Departamento de Bibliografía, _c1980- |
||
| 300 |
_a8 v. ; _c24 cm. |
||
| 505 | 8 | _aAños 1977-78, 1979, 1980, 1982-83, 1984-85, 1986-87, 1988-1989, 1990-1991 | |
| 650 | 1 | 4 |
_aBibliografías colombianas. _910522 |
| 700 | 1 |
_aRomero Rojas, Francisco José. _999434 |
|
| 710 | 2 |
_aInstituto Caro y Cuervo. _94806 |
|
| 852 |
_aES-MaACL _jP-434 |
||
| 999 |
_c173584 _d173584 |
||